006980000a220013300045001000024000002450090000243000046001145200191001606500041003517730057003929420008004499520090004579990017005471 aVarela Varela, Aida10aProcesos educativos : competencias, diálogo, mediación y estrategias didácticas anúm.40 ( Ago. - Sep., 2009), P. 31 - 33 aEl texto plantea la necesidad de nuevas estrategias didácticas con el objetivo de potencializar a los sujetos para que actúen de manera significativa en la sociedad del conocimiento.14aCOMPETENCIA (PSICOLOGIA) - EDUCACION0 tRevista internacional magisterio : educación y ped cANA 001040708HEMaFUSBCbFUSBCd2016-01-26l0o r2016-01-26 00:00:00w2016-01-26yANA c62954d62954